000 04600nab a2200409 i 4500
003 BR-BrBNA
005 20250319110732.0
008 250319b2017 bl.|r|pooa||| 00| 0 por |
040 _aBR-BrBNA
_bpor
072 _aL73
_b5240
072 _aL74
_b5250
072 _aL70
100 _aSouto, E.P.F.
100 _a Leite, A.V.L.
100 _a Frade, M.T.S.
100 _aOlinda, R.G.
100 _aNobre, V.M.T.
100 _a Miranda Neto, E.G.
100 _aRiet-Correa, F.
100 _aDantas, A.F.M.
245 _aMorte súbita causada por ruptura de aneurisma em aorta em ruminantes
500 _a Publicação online; 24 ref.; Summaries (En)
520 _a RESUMO - De um total de 2.088 ruminantes necropsiados no Laboratório de Patologia Animal da Universidade Federal de Campina Grande durante o período de janeiro de 2003 a dezembro de 2015, 803 (38,45%) eram bovinos, 651 (31,18%) ovinos e 634 (30,37%) caprinos. Desses, dois caprinos (0,31%), um ovino (0,15%) e um bovino (0,12%) foram diagnosticados com ruptura de artéria aorta devido à presença de aneurismas, correspondendo a 0,19% das causas de morte em ruminantes. O caso 1 ocorreu em um caprino que apresentava bom estado corporal e foi encontrado morto pelo proprietário; o caso 2, em um caprino com diagnóstico clínico presuntivo de linfadenite caseosa; o caso 3, em um ovino que foi encontrado morto pelo proprietário; e o caso 4, em um bovino com histórico de timpanismo recidivante. Em todos os casos, a morte ocorreu rapidamente por choque hipovolêmico. Os principais achados macroscópicos na necropsia foram hemotórax ou hemoperitônio e a ruptura na artéria aorta. Nos caprinos, abscessos foram visualizados microscopicamente e estavam associados à presença de bactérias, o que sugere infecção por Corynebacterium pseudotuberculosis. No ovino, não foram observadas lesões que pudessem elucidar a causa do aneurisma, por isso foi considerado de provável origem idiopática. No bovino, não foi possível estabelecer a causa, mas a presença do aneurisma dificultava a eructação dos gases da fermentação ruminal, caracterizando um quadro de timpanismo secundário. Aneurismas ocorrem de forma esporádica em caprinos, ovinos e bovinos e devem ser considerados como uma importante causa de morte súbita. Palavras-chave: doenças de ruminantes, lesão vascular, hemorragia
520 _a ABSTRACT - From a total of 2,088 necropsied ruminants in the Laboratory of Animal Pathology of Federal University of Campina Grande during the period from January 2003 to December 2015, 803 (38.45%) were cattle, 651 (31.18%) sheep, and 634 (30.37%) goats. Of these, two goats (0.31%), one sheep (0.15%) and one bovine (0.12%) were diagnosed with rupture of aorta due to the presence of aneurysms, corresponding to 0.19% of causes of death in ruminants. Case 1 occurred in a goat that had good body condition and was found dead by the owner, case 2 occurred in a goat that had clinical presumptive diagnosis of caseous lymphadenitis, case 3 occurred in a sheep who was found dead by the owner, and case 4 occurred in a cow with a history of recurrent bloating. In all cases, death occurred rapidly by hypovolemic shock. The macroscopic findings at necropsy were hemothorax or hemoperitoneum and the rupture in the aorta artery. In goats, abscesses were viewed microscopically and they were associated with the presence of bacteria, suggesting for Corynebacterium pseudotuberculosis infection. In the sheep, lesions that could explain the cause of the aneurysm were not observed, so we consider the aneurisma as idiopathic. In the cow, it was not possible to establish the cause, but the presence of the aneurysm hampered eructation of ruminal gases, causing secondary bloat. Aneurysms occur sporadically in goats, sheep and cattle and must be regarded as an important cause of sudden death. Keywords: diseases of ruminants, vascular injury, hemorrhag
650 _aBOVINO
650 _aOVINO
650 _aCAPRINO
650 _aDOENÇA ANIMAL
650 _aDISTÚRBIO FISIOLÓGICO
650 _aHEMORRAGIA
650 _aMORTE SÚBITA
650 _aVETERINÁRIA
773 0 _01643
_9349155
_dBelo Horizonte-MG Universidade Federal de Minas Gerais - Escola de Veterinaria 1983
_o2025-1673
_tArquivo Brasileiro de Medicina Veterinária e Zootecnia (Brazil)
_x0102-0935
_gv. 69(2) p. 398-404; (2017)
_wBR2025000143
856 _uhttps://www.scielo.br/j/abmvz/a/vNn5Y7MrSHfLYyZdLWzDTbS/?format=pdf&lang=pt
942 _cANA
999 _c330517
_d330517